000 00654nam a2200205Ia 4500
001 3233
003 GE_BSU
008 181216s||||||||xx |||||||||||||| ||und||
040 _cGE_BSU
080 _a656.212(035)
100 _aМалов,А.Д. Михайлов,О.И. Штейнфер,Г.М. Ефимов,Г.П.
245 _aРазмещение и крепление грузов в вагонах.
245 _bСправочник.
260 _aМ.
260 _bТранспорт.
260 _c1970.
300 _a344 стр. 21 см.
653 _aРазмещение и крепление грузов в вагонах.
942 _cBK
999 _c37274
_d37274